[Event "COL-ch U10 Girls"]
[Site "Manizales"]
[Date "2009.01.09"]
[Round "3.6"]
[White "Rivera, Loren"]
[Black "Baron, Maria Camila"]
[Result "1-0"]
[WhiteElo "1360"]
[BlackElo "1300"]
[PlyCount "40"]
[EventDate "2009.01.08"]
[EventType "swiss"]
[EventRounds "7"]
[EventCountry "COL"]
[SourceTitle "EXT 2024"]
[Source "ChessBase"]
[SourceDate "2023.10.10"]
[SourceVersion "1"]
[SourceVersionDate "2023.10.10"]
[SourceQuality "1"]

1. e4 e5 2. Nf3 Nc6 3. Bc4 Be7 4. Nc3 d6 5. Nd5 Bd7 6. d3 f5 7. exf5 Bxf5 8. 0-0 Qd7 9. Be3 a6 10. Qe2 0-0-0 11. Rad1 Qe8 12. Rd2 Bh3 13. gxh3 Qg6+ 14. Kh1 Qh5 15. Nxe7+ Ngxe7 16. Bg5 Rhe8 17. Bxe7 Rxe7 18. Ng1 Qh6 19. Qg4+ Kb8 20. Nf3 g6 1-0